000 nam a22 7a 4500
999 _c8313
_d8313
008 171227b xxu||||| |||| 00| 0 eng d
100 _aHarrison B. John
_94731
245 _aA short History of western civlization
250 _a4th edition
260 _aNew york
_bMichigan State University
_c1975